00501nam a2200169Ia 4500003000400000008004100004040001600045082001700061100001600078245008800094260005200182300001000234650002500244650002600269650001900295650001700314GCL140319s9999 xx 000 0 eng d aGCL / cGCL04a423.4313bZA1 aZAKI, AHMED10aA DICTIONARY OF MASS COMMUNICATIONS: ENGLISH- FRENCH- ARABIC 2ND.ED / cZAKI, AHMED a[S.N] : bMacmillan pubhsheng company ، c1994 a207 P04aSTRAINS AND STRASSES04aMASS - COMMUNICATIONS04aCOMMUNICATIONS04aDICTIONARIES